000 00490nam a2200181Ia 4500
001 9769
005 20260306161742.0
008 260306t2012||||xx |||||||||||||| ||spa||
041 _aESP
082 _a415
_bL94
100 _aLozano Jaén, Ginés
_eAUT
245 0 _aCómo enseñar y aprender sintaxis:
_bmodelos, teorías y prácticas según el grado de dificultad
260 _c2012
300 _a404 páginas :
_c21 cm.
650 _aGEN
654 _aCED
942 _cLIB
_dJUS
_fJUS
_2ddc
_n
999 _c9769
_d9769